Možnosti a participácia miestnych samospráv na využívanie fondov EÚ

Možnosti obcí pri využívaní prostriedkov fondov EÚ (ESF, ERDF, EAFRD) a zistenie rozsahu, akým sa obce podielajú na celkovom využívaní (čerpaní) týchto fondov.

Gespeichert in:
Bibliographische Detailangaben
1. Verfasser: Mindová, Lenka
Format: Buchkapitel
Sprache:Slowakisch
Schlagworte:
Tags: Tag hinzufügen
Keine Tags, Fügen Sie das erste Tag hinzu!

MARC

LEADER 00000naa a2200000 4500
001 0142096
005 20231204130527.5
041 0 |a slo 
044 |a SK 
245 1 0 |a Možnosti a participácia miestnych samospráv na využívanie fondov EÚ  |c Lenka Mindová 
520 |a Možnosti obcí pri využívaní prostriedkov fondov EÚ (ESF, ERDF, EAFRD) a zistenie rozsahu, akým sa obce podielajú na celkovom využívaní (čerpaní) týchto fondov. 
610 2 0 |a fondy Európskej únie 
610 2 0 |a samospráva 
610 2 0 |a obce 
610 2 0 |a financie verejné 
610 2 0 |a Slovensko 
100 1 |a Mindová, Lenka